000 00413cam a2200169 4500
001 D14364
008 090401t1925 xxu||||| |||| 00| 0 eng d
035 _a(Sirsi) u15119
041 _aeng
110 _aWar Office
_93243
245 _aGraphical methods of plotting from air photographs
260 _aLondon
_bHMSO
_c1925
350 _a0
520 _a7 volumes; Shelf 183
942 _n0
948 _c04/03/1997
999 _c87253
_d87253